000 00512nam a2200181Ia 4500
008 151018s9999 xx 000 0 und d
082 _bRBASDV28402
_a891.463
100 _aबशीर मुजावर
245 _aमळभ
250 _b1
260 _bसाहेबजी प्रकाशन पुणे
_c1997
300 _a203
600 _aबशीर मुजावर
630 _aमळभ
700 _aबशीर मुजावर
730 _aमळभ
942 _cBOOK
999 _c1027978
_d1027975